000 00299nam a2200109Ia 4500
008 200302s9999 xx 000 0 und d
100 _aEdward D. Mills
245 _aPlanning Buildings for Habitation Commerce and Industry
260 _bNewnes-Butterworths Group
260 _c1936
300 _a10-20 P.,
999 _c5232
_d5232